• 首页
  • 本馆介绍
  • 公告通知
  • 最新文献
  • 馆藏检索
  • 电子资源
  • 读者导购
  • 参考咨询
  • 我的图书馆
  • 登录
  • 详细信息显示
  • 放入我的书架
  • 预约/预借图书
  • 作者相关作品
  • 分类相关作品
  • 丛书相关作品
  • 出版社相关作品

书目信息

  • 表格格式
  • 工作单格式
  • 卡片格式
题名:
农药植保基础知识与相关法规
    
 
作者: 张永平 主编
分册:  
出版信息: 昆明   云南科技出版社  2018.05
页数: 248页
开本: 21cm
丛书名:
单 册:
中图分类: S48 , D922.681.4
科图分类:
主题词: 植物保护--zhi wu bao hu--农药防治--基本知识 , 植物保护--zhi wu bao hu--法规--中国--学习参考资料
电子资源:
ISBN: 978-7-5587-1305-7
000 00993nam0 2200265 450
001 0106081853
005 20201106082046.0
010    @a978-7-5587-1305-7@dCNY20.00
100    @a20181129e20202018em y0chiy50 ea
101 0  @achi
102    @aCN@b530000
105    @aa z 000yy
106    @ar
200 1  @a农药植保基础知识与相关法规@Anong yao zhi bao ji chu zhi shi yu xiang guan fa gui@f张永平主编
210    @a昆明@c云南科技出版社@d2018.05@h2020.07
215    @a248页@c图@d21cm
300    @a农药经营人员教育培训教材
330    @a本书内容主要以农药植保基础知识为主。从农业有害生物的识别、农业有害生物防治原理和技术措施、农药知识三个方面介绍了农药经营人员应具有的植保知识,附以相关法规和规范性文件。
606 0  @a植物保护@Azhi wu bao hu@x农药防治@x基本知识
606 0  @a植物保护@Azhi wu bao hu@x法规@y中国@j学习参考资料
690    @aS48@v5
690    @aD922.681.4@v5
701  0 @a张永平@Azhang yong ping@4主编
801  0 @aCN@bBJSZM@c20201106
905    @b1193508-11@dS48@e198@f4
    
    农药植保基础知识与相关法规/张永平主编.-昆明:云南科技出版社,2018.05(2020.07)
    248页:图;21cm
    农药经营人员教育培训教材
    
    ISBN 978-7-5587-1305-7:CNY20.00
    本书内容主要以农药植保基础知识为主。从农业有害生物的识别、农业有害生物防治原理和技术措施、农药知识三个方面介绍了农药经营人员应具有的植保知识,附以相关法规和规范性文件。
●
相关链接 在E读中查询图书 在五车中查询图书 在当当中查询图书 在豆瓣中查询图书


正题名:农药植保基础知识与相关法规     索取号:S48/198         预约/预借

序号 登录号 条形码 馆藏地/架位号 状态 备注
1 1193508   211935085   第二样本阅览室/ [索取号:S48/198] 在馆    
2 1193509   211935094   第三借阅区/ [索取号:S48/198] 在馆    
3 1193510   211935101   第三借阅区/ [索取号:S48/198] 在馆    
4 1193511   211935110   第三借阅区/ [索取号:S48/198] 在馆    
唐山师范学院图书馆 欢迎您!
大连网信软件有限公司© 版权所有